000 00663cam a22002291 4500
001 ne 63001828
003 DLC
005 20260227111750.0
008 750527s1963 xx 000 0 eng
010 _ane 63001828
035 _a(OCoLC)1355619
040 _aDLC
_cNBuU
_dDLC
042 _apremarc
050 0 0 _aLA1646
_b.B59
082 _a370.962
100 1 _aBoktor, Amir,
_d1896-
245 1 4 _aThe development and expansion of education in the United Arab Republic.
260 _aCairo,
_bAmerican University at Cairo Press,
_c1963.
300 _a182 p.
_bplans, tables.
_c24 cm.
504 _aBibliography: p. [175]-178.
650 0 _aEducation
_zEgypt.
999 _c46240
_d46240